000 00288nam a2200133Ia 4500
005 20251222154433.0
008 251222s9999||||xx |||||||||||||| ||spa||
082 _a863/D36
100 _aDe Pablo, Gonzalo
245 0 _aSaca
250 _a1ra.ed.
264 _bE. Corredor
942 _cLIB
999 _c36486
_d36486